000 00400pab a2200157 454500
008 180718b2000 xxu||||| |||| 00| 0 eng d
100 _aTripathi, L.B.
245 _aIndian universities: underlying assumptions and consequences
260 _c2000
300 _ap.1-7
362 _a9 Oct
650 _aUniversities - India
650 _aUniversities
773 _aUniversity News
909 _a46314
999 _c46314
_d46314